Data structured software maintenance : the Warnier/Orr approach /

Guardado en:
Autor Principal: Higgins, David A.
Formato: Libro
Idioma:English
Publicado: New York, N.Y. : Dorset House Pub. Co., c1986.
Materias:
Etiquetas: Agregar Etiqueta
Sin Etiquetas, Sea el primero en etiquetar este registro!
LEADER 00786pam a2200229 a 4500
001 MAT.inmabb006019
008 860905s1986####nyu######b####001#0#eng##
005 20170519114039.0
245 1 0 |a Data structured software maintenance :  |b the Warnier/Orr approach /  |c by David A. Higgins ; foreword by Nicholas Zvegintzov. 
260 |a New York, N.Y. :  |b Dorset House Pub. Co.,  |c c1986. 
300 |a xiv, 195 p. ;  |c 25 cm. 
504 |a Bibliografía: p. 187-190. 
500 |a Incluye índice. 
510 4 |a MR,  |c *REVIEW #* 
020 |a 093263303X (pbk.) :  |c $21.50 
100 1 |a Higgins, David A. 
650 0 |a Software maintenance. 
650 0 |a Data structures (Computer science) 
084 |a 68  |2 MR 
010 |a  86072048  
040 |a DLC  |c DLC  |d DLC 
859 |h 68  |i H636  |p A-6377  |b BIB. MATEMATICA